La agricultura familiar en América Latina /

Furkejuvvon:
Bibliográfalaš dieđut
Váldodahkki: Carmagnani, Marcello
Materiálatiipa: Texto
Fáttát:
Fáddágilkorat: Lasit fáddágilkoriid
Eai fáddágilkorat, Lasit vuosttaš fáddágilkora!

MARC

LEADER 00000 a a2200000 04500
001 42505
003
040
100 |a Carmagnani, Marcello  
245 |a La agricultura familiar en América Latina /  |c Marcello Carmagnani  
650 |a AGRICULTURA  
650 |a ECONOMIA DOMESTICA  
650 |a AMERICA LATINA  
773 |g volumen39, número153 (2008), páginas 11-56  
999 |c 23095  |d 23095